The perfect escape / (Record no. 32364)
[ view plain ]
| 000 -LEADER | |
|---|---|
| fixed length control field | 02893nam a22003975a 4500 |
| 005 - DATE AND TIME OF LATEST TRANSACTION | |
| control field | 20091209153335.0 |
| 008 - FIXED-LENGTH DATA ELEMENTS--GENERAL INFORMATION | |
| fixed length control field | 080109s2008 nyu 000 0 eng |
| 010 ## - LCCN (DPL NO) | |
| LC control number | B-385369-380 |
| 020 ## - INTERNATIONAL STANDARD BOOK NUMBER | |
| International Standard Book Number | 9781416955313 |
| Terms of availability | 125.00 |
| 020 ## - INTERNATIONAL STANDARD BOOK NUMBER | |
| International Standard Book Number | 1416955313 |
| Terms of availability | 125.00 |
| 035 ## - SYSTEM CONTROL NUMBER | |
| System control number | B-385369-380 |
| 037 ## - SOURCE OF ACQUISITION | |
| Source of stock number/acquisition | Blueberry Books |
| 040 ## - CATALOGING SOURCE | |
| Original cataloging agency | dpl |
| Language of cataloging | English |
| 082 ## - DEWEY DECIMAL CLASSIFICATION NUMBER | |
| Classification number | S |
| 100 ## - MAIN ENTRY--PERSONAL NAME | |
| Personal name | Keene, Carolyn |
| 245 ## - TITLE STATEMENT | |
| Title | The perfect escape / |
| Statement of responsibility, etc | by Carolyn Keene |
| 260 ## - PUBLICATION, DISTRIBUTION, ETC. (IMPRINT) | |
| Place of publication, distribution, etc | New York |
| Name of publisher, distributor, etc | Aladdin Paperbacks, Simon and Schuster Childrens Pub., |
| Date of publication, distribution, etc | 2008 |
| 270 ## - ADDRESS | |
| Address | 1230 Avenue of the America |
| City | New York |
| Postal code | 10020 |
| 300 ## - PHYSICAL DESCRIPTION | |
| Extent | 141p. |
| Dimensions | 20cm(pbk) |
| 490 ## - SERIES STATEMENT | |
| Series statement | Perfect mystery trilogy; book 3 |
| 490 ## - SERIES STATEMENT | |
| Series statement | Nancy Drew girl detective; 32 |
| 942 ## - ADDED ENTRY ELEMENTS (KOHA) | |
| Source of classification or shelving scheme | Dewey Decimal Classification |
| Item type | Children Books |
| Classification part | S |
| Call number suffix | KEE |
| Withdrawn status | Lost status | Source of classification or shelving scheme | Damaged status | Not for loan | Collection code | Home library | Current library | Date acquired | Source of acquisition | Cost, normal purchase price | Total Checkouts | Full call number | Barcode | Date last seen | Copy number | Cost, replacement price | Koha item type | Total Renewals |
|---|---|---|---|---|---|---|---|---|---|---|---|---|---|---|---|---|---|---|
| Written-off vide DLB M. No. 383 dt 16.05.19 | Dewey Decimal Classification | Fiction | Central Library | Central Library | 14/07/2010 | Blueberry Books/5571/27.3.10/157/27.1.10/27.3.10 | 125.00 | S KEE | B-385373 | 14/07/2010 | 1 | 125.00 | Children Books | |||||
| Withdrawn | Dewey Decimal Classification | Fiction | Janak Puri | Janak Puri | 14/07/2010 | Blueberry Books/5571/27.3.10/157/27.1.10/27.3.10 | 125.00 | 21 | S KEE | B-385375 | 10/09/2014 | 1 | 125.00 | Children Books | 3 | |||
| Dewey Decimal Classification | Fiction | Karol Bagh | Karol Bagh | 14/07/2010 | Blueberry Books/5571/27.3.10/157/27.1.10/27.3.10 | 125.00 | S KEE | B-385379 | 14/07/2010 | 1 | 125.00 | Children Books | ||||||
| Dewey Decimal Classification | Fiction | Mobile Library | Mobile Library | 14/07/2010 | Blueberry Books/5571/27.3.10/157/27.1.10/27.3.10 | 125.00 | S KEE | B-385369 | 14/07/2010 | 4 | 125.00 | Children Books | ||||||
| Dewey Decimal Classification | Fiction | Mobile Library | Mobile Library | 14/07/2010 | Blueberry Books/5571/27.3.10/157/27.1.10/27.3.10 | 125.00 | S KEE | B-385370 | 14/07/2010 | 4 | 125.00 | Children Books | ||||||
| Dewey Decimal Classification | Fiction | Mobile Library | Mobile Library | 14/07/2010 | Blueberry Books/5571/27.3.10/157/27.1.10/27.3.10 | 125.00 | S KEE | B-385371 | 14/07/2010 | 4 | 125.00 | Children Books | ||||||
| Dewey Decimal Classification | Fiction | Mobile Library | Mobile Library | 14/07/2010 | Blueberry Books/5571/27.3.10/157/27.1.10/27.3.10 | 125.00 | S KEE | B-385372 | 14/07/2010 | 4 | 125.00 | Children Books | ||||||
| Dewey Decimal Classification | Fiction | Patel Nagar | Patel Nagar | 14/07/2010 | Blueberry Books/5571/27.3.10/157/27.1.10/27.3.10 | 125.00 | S KEE | B-385374 | 14/07/2010 | 1 | 125.00 | Children Books | ||||||
| Dewey Decimal Classification | Fiction | R.K.Puram-8 | R.K.Puram-8 | 14/07/2010 | Blueberry Books/5571/27.3.10/157/27.1.10/27.3.10 | 125.00 | S KEE | B-385377 | 14/07/2010 | 1 | 125.00 | Children Books | ||||||
| Written-off vide DLB M. No. 383 dt 16.05.19 | Dewey Decimal Classification | Fiction | Sarojini Nagar | Sarojini Nagar | 14/07/2010 | Blueberry Books/5571/27.3.10/157/27.1.10/27.3.10 | 125.00 | S KEE | B-385376 | 14/07/2010 | 1 | 125.00 | Children Books | |||||
| Dewey Decimal Classification | Fiction | Shahdara Branch | Shahdara Branch | 14/07/2010 | Blueberry Books/5571/27.3.10/157/27.1.10/27.3.10 | 125.00 | S KEE | B-385380 | 14/07/2010 | 1 | 125.00 | Children Books | ||||||
| Dewey Decimal Classification | Fiction | Vinoba Puri | Vinoba Puri | 14/07/2010 | Blueberry Books/5571/27.3.10/157/27.1.10/27.3.10 | 125.00 | 6 | S KEE | B-385378 | 05/09/2016 | 1 | 125.00 | Children Books |
